8-Letter Vocabulary (Easy) Quiz Stats

 Plays Quiz Updated Jun 23, 2017

Support Sporcle.
Go Orange.
Score 0/25 Timer 04:00
1 Play Today
% Correct
notebook
95.8%
umbrella
95.8%
employee
95.8%
graduate
95.7%
thousand
95.7%
football
95.7%
dialogue
95.5%
paralyze
95.4%
sympathy
95.4%
rucksack
95.4%
puncture
95.3%
security
95%
schedule
94.9%
% Correct
building
94.7%
solution
94.6%
commerce
94.6%
complete
94.5%
minority
94.4%
question
94.4%
physical
93.8%
identity
93.5%
original
93.5%
pressure
92.3%
property
92.2%
momentum
91.5%

You're not logged in!

Compare scores with friends on all Sporcle quizzes.
OR
Log In
Forgot?

From the Vault

Mohs Hardness Scale

by Derek

We hope you try as hard as you can.
Remove Ads.
Support Sporcle.
Get the best of Sporcle when you Go Orange. This ad-free experience offers more features, more stats, and more fun while also helping to support Sporcle. Thank you for becoming a member.

Show Comments

Extras

Top Quizzes Today


Score Distribution

Your Account Isn't Verified!

In order to create a playlist on Sporcle, you need to verify the email address you used during registration. Go to your Sporcle Settings to finish the process.

Report this User

Report this user for behavior that violates our Community Guidelines.

Details: